00535nam a2200181 a 450000100060000000300090000600800410001502000150005604000280007108200160009910000210011524501030013626000300023930000100026949000310027965000230031065000200033312442CO-ViMGA141112s2004 ck r 000 u spa d a848013027X aCO-ViMGAbspacCO-ViMGA04a371.73 R84c1 aRuiz, Perez Luis10aCompetencia Motriz : bElementos par comprender el aprendizaje motor en educación fisica escolar aMadrid : bGymnos, c1995 a163p. aMonografias sobre ciencias14aeducación FISICA14aPSICOMOTRICIDAD